Online Catalogue and eLibrary

Arab women : (Record no. 66)

MARC details
000 -LEADER
fixed length control field 00756cam a2200229 a 4500
001 - CONTROL NUMBER
control field 4396894
005 - DATE AND TIME OF LATEST TRANSACTION
control field 20231123051427.0
008 - FIXED-LENGTH DATA ELEMENTS--GENERAL INFORMATION
fixed length control field 920902s1993 inu b s001 0 eng
020 ## - INTERNATIONAL STANDARD BOOK NUMBER
ISBN 025336096X (cloth : alk. paper)
020 ## - INTERNATIONAL STANDARD BOOK NUMBER
ISBN 0253207762 (paper : alk. paper)
040 ## - CATALOGING SOURCE (பட்டியலாக்க மூலம்)
Original cataloging agency DLC
Transcribing agency DLC
Modifying agency DLC
082 00 - DDC Classification
Class No. 305.42/0917/4927
DDC Edition Number 20
245 00 - TITLE STATEMENT
Title Arab women :
Remainder of title old boundaries, new frontiers /
Statement of responsibility, etc. edited by Judith E. Tucker.
260 ## - PUBLICATION, DISTRIBUTION, ETC.
Place of publication, distribution, etc. Bloomington :
Name of publisher, distributor, etc. Indiana University Press,
Date of publication, distribution, etc. 1993.
300 ## - PHYSICAL DESCRIPTION
Extent (e.g. Volumes, Pages etc.) xviii, 264 p. ;
500 ## - GENERAL NOTE
General note "Published in association with the Center for Contemporary Arab Studies, Georgetown University, Washington, DC."
650 #0 - SUBJECT ADDED ENTRY--TOPICAL TERM
Topical term or geographic name entry element Women
650 #0 - SUBJECT ADDED ENTRY--TOPICAL TERM
Topical term or geographic name entry element Women
650 #0 - SUBJECT ADDED ENTRY--TOPICAL TERM
Topical term or geographic name entry element Feminism
700 1# - ADDED ENTRY--PERSONAL NAME
Personal name Tucker, Judith E.
Relator term (Role) Editor
942 ## - Koha item type (Biblio)
Koha item type Books in Stacks (Lending)
Holdings
Lost status Damaged status Collection code Home library Current library Date acquired Full call number Accession Number Item type
    Lending WERC Library WERC Library 11/23/2023 305.42/0917/4927 4020 Books in Stacks (Lending)

© WERC Library